〈どうぶつの森〉素潜りで取れる海の幸 - Statistics

General Stats
  • This quiz has been taken 163 times
  • The average score is 18 of 40
Answer Stats
図鑑 答え 魚影 動き 売値
(ベル)
% Correct
8 イソギンチャク 動かない 500
81%
1 ワカメ 動かない 600
78%
14 ホタテ 遅い 1200
74%
20 タコ 遅い 1200
69%
29 タカアシガニ 速い 12000
69%
5 ヒトデ 速い 500
61%
27 タラバガニ 速い 8000
61%
33 イセエビ 速い 5000
60%
3 ナマコ 普通 500
58%
10 ウミウシ 普通 600
58%
32 シャコ 普通 2500
55%
6 ウニ 遅い 1700
52%
26 ズワイガニ 速い 6000
52%
2 ウミブドウ 動かない 900
51%
17 アワビ 普通 2000
51%
35 ダイオウグソクムシ 速い 12000
51%
28 フジツボ 動かない 600
49%
34 ロブスター 速い 4500
49%
16 サザエ 遅い 1000
47%
12 ムールガイ 遅い 1500
46%
30 クルマエビ 遅い 3000
46%
18 オオシャコガイ 速い 15000
43%
40 カイロウドウケツ 速い 5000
43%
11 アコヤガイ 普通 2800
42%
21 メンダコ 速い 6000
40%
13 オイスター 遅い 1100
35%
31 アマエビ 速い 1400
35%
36 カブトガニ 遅い 2500
33%
4 センジュナマコ 速い 10000
31%
23 ホタルイカ 遅い 1400
30%
38 チンアナゴ 普通 1100
30%
37 ホヤ 遅い 1500
29%
24 ガザミ 普通 2200
28%
39 ヒラムシ 遅い 700
28%
9 ミズクラゲ 遅い 600
27%
19 オウムガイ 普通 1800
27%
15 バイガイ 遅い 1000
26%
22 コウモリダコ 速い 10000
26%
25 ダンジネスクラブ 普通 1900
24%
7 パイプウニ 遅い 2000
21%
No matching quizzes found
Score Distribution
Percent of People with Each Score
Percentile by Number Answered
Your Score History
You have not taken this quiz